00304 a2200097 450000500170000008200150001724500250003226000360005730000310009361000820012420250620132751.0 aLM 347 NAL aGeneral Law British. aLondon,bMabledon Place,c1978. a129p.: ill.; figurec31cm. tDTS General Law and Constitutional BackgroundaNALGO Correspondence Institute